Devociones y rescates (Record no. 1151)

MARC details
000 -CABECERA
campo de control de longitud fija 00636nam a2200169 a 4500
001 - NÚMERO DE CONTROL
campo de control BRCA_1282
005 - FECHA Y HORA DE LA ÚLTIMA TRANSACCIÓN
campo de control 20190320203348.0
008 - DATOS DE LONGITUD FIJA--INFORMACIÓN GENERAL
campo de control de longitud fija 190508s2008----sp-a---###---#000-0#spa-#
050 #4 - SIGNATURA TOPOGRÁFICA DE LA BIBLIOTECA DEL CONGRESO
Número de clasificación ND1432.E7
Número de documento/Ítem .D48 2008
245 10 - MENCIÓN DE TÍTULO
Título Devociones y rescates
Resto del título pintura religiosa antigua y contemporánea.
260 ## - PUBLICACIÓN, DISTRIBUCIÓN, ETC.
Lugar de publicación, distribución, etc. Tenerife
Nombre del editor, distribuidor, etc. Artizar : Gobierno de Canarias
Fecha de publicación, distribución, etc. 2008
300 ## - DESCRIPCIÓN FÍSICA
Extensión 1 v. (sin paginación)
Otras características físicas il. a color
Dimensiones 22 cm.
500 ## - NOTA GENERAL
Nota general En la portada : ´Antonio Angel Ayala Oliva, in memorian´
610 24 - PUNTO DE ACCESO ADICIONAL DE MATERIA--NOMBRE DE ENTIDAD CORPORATIVA
Nombre de entidad corporativa o nombre de jurisdicción como elemento de entrada Estudio Artizar
Subdivisión general Colecciones de pintura
9 (RLIN) 4211
650 14 - PUNTO DE ACCESO ADICIONAL DE MATERIA--TÉRMINO DE MATERIA
Término de materia o nombre geográfico como elemento de entrada Pintura religiosa
Subdivisión cronológica Siglos XIX y XX
Subdivisión geográfica Canarias, España
9 (RLIN) 4212
942 ## - ELEMENTOS DE PUNTO DE ACCESO ADICIONAL (KOHA)
Fuente del sistema de clasificación o colocación Library of Congress Classification
Tipo de ítem Koha Libros
Holdings
Estado de retiro Estado de pérdida Estado dañado No para préstamo Localización permanente Ubicación/localización actual Fecha de adquisición Total de préstamos Signatura topográfica completa Código de barras Fecha visto por última vez Precio válido a partir de Tipo de ítem Koha
El ejemplar forma parte de la colección y puede ser consultado según las políticas vigentes.       Biblioteca del Museo Franz Mayer (Rogerio Casas-Alatriste) Biblioteca del Museo Franz Mayer (Rogerio Casas-Alatriste) 26/06/2008   ND1432.E7 .D48 2008 01783 22/03/2019 22/03/2019 Libros